h1

h2

h3

h4

h5
h6
000819618 001__ 819618
000819618 005__ 20230411161422.0
000819618 0247_ $$2HBZ$$aHT020931872
000819618 0247_ $$2Laufende Nummer$$a40242
000819618 037__ $$aRWTH-2021-05176
000819618 041__ $$aEnglish
000819618 082__ $$a330
000819618 1001_ $$0P:(DE-588)1233910191$$aPreusse, Laurenz$$b0$$urwth
000819618 245__ $$aAssessing drivers of manipulative investment strategies in the context of initial public offerings$$cvorgelegt von Laurenz Preusse, M.Sc.$$hprint
000819618 260__ $$aAachen$$c2021
000819618 300__ $$aX, 199 Seiten : Diagramme
000819618 3367_ $$02$$2EndNote$$aThesis
000819618 3367_ $$0PUB:(DE-HGF)11$$2PUB:(DE-HGF)$$aDissertation / PhD Thesis$$bphd$$mphd
000819618 3367_ $$2BibTeX$$aPHDTHESIS
000819618 3367_ $$2DRIVER$$adoctoralThesis
000819618 3367_ $$2DataCite$$aOutput Types/Dissertation
000819618 3367_ $$2ORCID$$aDISSERTATION
000819618 502__ $$aDissertation, Rheinisch-Westfälische Technische Hochschule Aachen, 2021$$bDissertation$$cRheinisch-Westfälische Technische Hochschule Aachen$$d2021$$gFak08$$o2021-04-12
000819618 5203_ $$aonline nicht verfügbar$$lger
000819618 520__ $$leng
000819618 588__ $$aDataset connected to Lobid/HBZ
000819618 591__ $$aGermany
000819618 7001_ $$0P:(DE-82)IDM00275$$aBrettel, Malte$$b1$$eThesis advisor$$urwth
000819618 7001_ $$0P:(DE-82)IDM00230$$aBendig, David$$b2$$eThesis advisor$$urwth
000819618 8564_ $$uhttp://digitale-objekte.hbz-nrw.de/storage2/2021/06/04/file_4/9035974.pdf$$yTable of contents
000819618 909CO $$ooai:publications.rwth-aachen.de:819618$$pVDB
000819618 9101_ $$0I:(DE-588b)36225-6$$6P:(DE-82)IDM00275$$aRWTH Aachen$$b1$$kRWTH
000819618 9101_ $$0I:(DE-588b)36225-6$$6P:(DE-82)IDM00230$$aRWTH Aachen$$b2$$kRWTH
000819618 9141_ $$y2021
000819618 9201_ $$0I:(DE-82)813110_20140620$$k813110$$lLehrstuhl für Wirtschaftswissenschaften für Ingenieure und Naturwissenschaftler$$x0
000819618 961__ $$c2021-05-27T15:48:07.584588$$x2021-05-27T15:48:07.584588$$z2021-05-27T15:48:07.584588
000819618 980__ $$aI:(DE-82)813110_20140620
000819618 980__ $$aUNRESTRICTED
000819618 980__ $$aVDB
000819618 980__ $$aphd